| 000 | 00574nam a22001817a 4500 | ||
|---|---|---|---|
| 999 |
_c8538 _d8538 |
||
| 008 | 201202b ||||| |||| 00| 0 eng d | ||
| 040 | _aBMS College of Architecture | ||
| 100 | _aShankaranarayanan, Maithri | ||
| 245 | _aSangam- A confluence of culture | ||
| 300 | _a41p. | ||
| 500 | _a1BM13AT037 | ||
| 502 |
_8B,Arch _NBMS College of Architecture, Visvesvaraya Technological University (VTU) _aProject report _d2017 |
||
| 650 | _aCulture | ||
| 700 |
_aGirija Umashankar _eGuide |
||
| 700 |
_aSharath Ravi _eGuide |
||
| 700 |
_aRadhika Kulkarni _eGuide |
||
| 942 |
_2ddc _cTHE |
||